| 000 | 00465nam a2200157Ia 4500 | ||
|---|---|---|---|
| 999 |
_c21766 _d21766 |
||
| 003 | OSt | ||
| 005 | 20200610142445.0 | ||
| 008 | 190216s9999||||xx |||||||||||||| ||und|| | ||
| 040 | _coclc | ||
| 082 |
_a293.1 _bBHA/I |
||
| 100 |
_aBhattacharya, Brindavan C _92745 |
||
| 245 | 0 |
_aIndian Images / _cBrindavan C Bhattacharya |
|
| 260 |
_bCosmo Publications, _c1978. _aNew Delhi: |
||
| 300 | _a215p | ||
| 942 |
_cBK _2ddc _h293.1 _iBHA/I _k293.1 _mBHA/I |
||